000 00676nam a2200205 a 4500
001 000010214
005 20240412074216.0
008 091005s1944 dr 001 p spa d
040 _aDO-SdBNP
_bspa
_cBNPHU
082 _aRD861.44
_bH519v
100 1 _aHenríquez, Gustavo Julio
_925211
245 1 0 _aVoces del silencio /
_cGustavo Julio Henríquez.
260 _aCiudad Trujillo, República Dominicana :
_bMontalvo,
_c1944.
300 _a77 p. ;
_c22 cm.
600 1 4 _aHENRÍQUEZ, JULIO GUSTAVO,
_xCRÍTICA E INTERPRETACIÓN
_925212
650 0 _aPoesía dominicana
_966
650 0 _aLiteratura dominicana.
_967
910 _aValidado. Control de calidad MFF
049 _aBNPD
999 _c9973
_d9973